Problemas de álgebra superior /
Guardado en:
| Autor Principal: | |
|---|---|
| Otros Autores: | |
| Formato: | Libro |
| Idioma: | Spanish Russian |
| Publicado: |
Moscú :
Editorial Mir,
1971.
|
| Etiquetas: |
Agregar Etiqueta
Sin Etiquetas, Sea el primero en etiquetar este registro!
|
| LEADER | 01131nam a22002295a 4500 | ||
|---|---|---|---|
| 001 | MAT.inmabb002790 | ||
| 008 | 050914s1971####ru############000#0#spa#d | ||
| 005 | 20110908171356.0 | ||
| 245 | 1 | 0 | |a Problemas de álgebra superior / |c D. Faddieev, I. Sominski ; traducido del ruso por Emiliano Aparicio Bernardo. |
| 260 | |a Moscú : |b Editorial Mir, |c 1971. | ||
| 300 | |a 279 p. ; |c 23 cm. | ||
| 500 | |a Traducción de: Sbornik zadach po vysshei algebre (1968). | ||
| 500 | |a Contiene 980 problemas. Indicaciones: p. 134-148; Respuestas y soluciones: p. 149-[277]. | ||
| 505 | 0 | |a 1. Números complejos -- 2. Cálculo de determinantes -- 3. Sistemas de ecuaciones lineales -- 4. Matrices -- 5. Polinomios y funciones racionales de una variable -- 6. Funciones simétricas -- 7. Álgebra lineal. | |
| 510 | 4 | |a MR, |c 53 #13252 | |
| 100 | 1 | |a Faddeev, D. K. |q (Dmitrii Konstantinovich) | |
| 240 | 1 | 0 | |a Sbornik zadach po vysshei algebre. |l Español |
| 700 | 1 | |a Sominskii, I. S. |q (Il´ia Samuilovich) | |
| 084 | |a 15-01 (00A07) |2 msc2000 | ||
| 041 | 1 | |a spa |h rus | |
| 859 | |h 15 |i F144 |p A-4766 |b BIB. MATEMATICA | ||
| 859 | |h 15 |i F144 |p A-5251 |t Ej. 2 |b BIB. MATEMATICA | ||
